01405nam a2200337 a 4500001001000000003000900010005001700019007001000036008004100046040002200087092001900109100004400128245012800172260004900300300002000349490001000369504007300379700002800452700003300480830001000513930003900523930004500562942001200607952010500619952010400724952010500828956003800933956004100971956004001012999001501052000012501DO-SdBNP20150212161329.0000012501091113s1986 dr 000 0 spa d aBPMETbspacBPMET a972.9304bE77i1 aEspaillat, Ulises Francisco,d1823-187810aIdeas de bien patrio /cUlises Francisco Espaillat ; dirección Candido Gerón ; selección Emilio Rodríguez Demorizi. aSanto Domingo :bBiblioteca Nacional c1986. a92 p. ;c23 cm.1 aOrfeo aIncluye referencias bibliográficas y notas al pie de las páginas1 aGerón, Candido,edir.1 aRodríguez Demorizi, Emilio 0aOrfeo 1lBND01mLF1820091113f01pHDg7419 1lBND01mLF1820100218f01pCTg7419he. 2 2ddccBK 00102ddc40708DOMaBPMETbBPMETd2015-02-12l0pBPMET15041186r2015-02-12t1 ej. w2015-02-12yBK 00102ddc40708DOMaBPMETbBPMETd2015-02-12l0pBPMET15041187r2015-02-12t2 ej.w2015-02-12yBK 00102ddc40708DOMaBPMETbBPMETd2015-02-12l0pBPMET15041188r2015-02-12t3 ej. w2015-02-12yBK aVGENAOb10c20091113lBND01h1027 aKLANTIGUAb10c20091113lBND01h1347 aBTAVAREZb10c20100218lBND01h1012 c7384d7384